[Event "Terre degli Elimi op 6th"]
[Site "Erice"]
[Date "2015.07.28"]
[Round "1"]
[White "Algeri, Lorenzo"]
[Black "Franchini, Gabriele"]
[Result "0-1"]
[WhiteElo "1925"]
[BlackElo "2153"]
[PlyCount "108"]
[EventDate "2015.07.28"]
[EventType "swiss"]
[EventRounds "9"]
[EventCountry "ITA"]
[SourceTitle "EXT 2017"]
[Source "ChessBase"]
[SourceDate "2016.10.25"]
[SourceVersion "1"]
[SourceVersionDate "2016.10.25"]
[SourceQuality "1"]

1. e4 e6 2. d4 d5 3. Nd2 Nf6 4. e5 Nfd7 5. Bd3 c5 6. c3 Nc6 7. Ne2 cxd4 8. cxd4 f6 9. Nf4 Nxd4 10. Qh5+ Ke7 11. Ng6+ hxg6 12. Qxh8 Nxe5 13. Bb1 Kf7 14. 0-0 Qa5 15. Kh1 Bd7 16. Qh4 Ne2 17. Nb3 Qa6 18. Re1 Nxc1 19. Rxc1 Rc8 20. Bc2 Rc4 21. f4 Nc6 22. Qg3 f5 23. Nd2 Rb4 24. b3 Bd6 25. Rf1 Nd4 26. Bd3 Qa3 27. Qe3 a6 28. Qe1 Nc6 29. g3 e5 30. fxe5 Nxe5 31. Qe3 Ng4 32. Qf3 Bc6 33. h3 Nf6 34. Kh2 Qb2 35. Qe2 Ne4 36. Nxe4 Qxe2+ 37. Bxe2 dxe4 38. Rad1 Ke7 39. Bc4 Bb5 40. Bxb5 Rxb5 41. Kg2 g5 42. Rd4 Ke6 43. g4 g6 44. Rfd1 Rb6 45. Kf1 Rc6 46. Ke2 Rc2+ 47. R1d2 Rxd2+ 48. Kxd2 Ke5 49. Kc3 f4 50. b4 f3 51. Rd1 e3 52. a3 e2 53. Re1 Ke4 54. Kd2 Bf4+ 0-1

[Event "Genova Province-ch"]
[Site "Genova"]
[Date "2015.02.12"]
[Round "5"]
[White "Caputi, Giuliano"]
[Black "Algeri, Lorenzo"]
[Result "1-0"]
[WhiteElo "1889"]
[BlackElo "1855"]
[PlyCount "119"]
[EventDate "2015.01.15"]
[EventType "swiss"]
[EventRounds "6"]
[EventCountry "ITA"]
[SourceTitle "EXT 2017"]
[Source "ChessBase"]
[SourceDate "2016.10.25"]
[SourceVersion "1"]
[SourceVersionDate "2016.10.25"]
[SourceQuality "1"]

1. e4 e5 2. Nf3 Nc6 3. Bb5 a6 4. Bxc6 dxc6 5. 0-0 Bg4 6. h3 h5 7. d3 Qf6 8. Nbd2 Bc5 9. Nc4 Bd6 10. Be3 Ne7 11. Ncd2 g5 12. Re1 0-0-0 13. hxg4 Qg6 14. Nh2 Rh7 15. Nc4 Rdh8 16. Nxd6+ cxd6 17. f3 d5 18. c3 hxg4 19. Nxg4 f5 20. exf5 Nxf5 21. Kf2 d4 22. cxd4 exd4 23. Bd2 Qh5 24. Qb3 Qh4+ 25. Ke2 Re7+ 26. Kd1 Rhe8 27. Rxe7 Rxe7 28. Kc2 Ne3+ 29. Nxe3 dxe3 30. Be1 Qf4 31. Rc1 Kc7 32. Kb1 Qh2 33. Qb4 Re5 34. Qg4 Qh7 35. Bg3 Qxd3+ 36. Ka1 Kd6 37. Bxe5+ Kxe5 38. Qe4+ Qxe4 39. fxe4 Kxe4 40. Kb1 Kd3 41. Rd1+ Ke2 42. Kc2 g4 43. g3 c5 44. Rh1 c4 45. Rh2+ Kf3 46. Kd1 Kxg3 47. Rc2 Kf3 48. Rxc4 g3 49. Rc7 g2 50. Rf7+ Kg3 51. Ke2 Kh2 52. Rh7+ Kg3 53. Rxb7 Kh3 54. Rg7 Kh2 55. Kxe3 g1Q+ 56. Rxg1 Kxg1 57. b4 Kg2 58. a4 Kg3 59. b5 axb5 60. axb5 1-0

[Event "Genova Province-ch"]
[Site "Genova"]
[Date "2015.01.29"]
[Round "3"]
[White "Algeri, Lorenzo"]
[Black "Serapiglia, Roberto"]
[Result "1-0"]
[WhiteElo "1855"]
[BlackElo "1897"]
[PlyCount "23"]
[EventDate "2015.01.15"]
[EventType "swiss"]
[EventRounds "6"]
[EventCountry "ITA"]
[SourceTitle "EXT 2017"]
[Source "ChessBase"]
[SourceDate "2016.10.25"]
[SourceVersion "1"]
[SourceVersionDate "2016.10.25"]
[SourceQuality "1"]

1. e4 c5 2. c3 d5 3. exd5 Qxd5 4. d4 Nc6 5. Nf3 Bf5 6. Be2 cxd4 7. cxd4 Bxb1 8. Rxb1 0-0-0 9. Bf4 Qe4 10. Qc1 e6 11. b4 b5 12. Ng5 1-0